00329nam a22000977a 4500008004100000082001500041100000800056245013500064260002400199300000800223230621b xxu||||| |||| 00| 0 eng d a328.3bCPA cCPA aReport of the Commonwealth Parliamentary Associationb21st African Region Conference held in Gaborone Botswana, 7th-11th May, 1990 aBotswanabCPAc1990 a19p